000 00385nam a2200145Ia 4500
008 231129s2003||||xx |||||||||||||| ||spa||
020 _a958-04-4525-7
040 _bspa
082 _a(i) Br869.3 M149bu
100 _aMachado Ana Marí­a
245 0 _aUn buen coro
260 _c2003
264 _aBogotá Colombia : Norma
942 _2ddc
_cBKS
999 _c25795
_d25795